| 000 | 00991nam a22001935i 4500 | ||
|---|---|---|---|
| 001 | 157800 | ||
| 003 | ES-MaACL | ||
| 005 | 20250809034609.0 | ||
| 008 | 940202s1896 sp |||| | spa d | ||
| 040 |
_aCAM _bspa |
||
| 100 | 1 |
_aLiszt, Franz von. _972565 |
|
| 245 | 1 | 3 |
_aLa legislacion penal comparada publicada por acuerdo de la Union Internacional de Derecho Penal _b: con el concurso de eminentes penalistas / _cpor... Franz von Liszt ; traducido de la edición francesa por D. Adolfo Posada... |
| 260 |
_aMadrid : _bRevista de Medicina y Cirugía Prácticas, _c1896. |
||
| 300 |
_aXXVII, 891 p. ; _c27 cm. |
||
| 650 | 7 |
_aDerecho penal _2embne _911749 |
|
| 710 | 2 |
_aAdministración de la Revista de Medicina y cirugía prácticas, _eed. _9134096 |
|
| 852 |
_aES-MaACL _jF-8671 _z-- Enc. pasta española _q-- Sólo t.I _x-- Edic.: El segundo editor en pie de imp. es: Berlin : Otto Liebmann librero-editor -- El imp. es: Imprenta y librería de Nicolás Moya |
||
| 999 |
_c157800 _d157800 |
||